Southville International School and Colleges
Your cart is empty.
  • Cart
  • Lists
    Public lists Eva Luna New books Lux_list list_1
    Your lists Log in to create your own lists
  • Log in to your account
  • Your cookies
  • Search history
Southville International School and Colleges
  • Advanced search
  • Recent comments
  • Most popular
  • Libraries

Log in to your account

Log in with GOOGLE


If you do not have an external account, but do have a local account, you can still log in:

  1. Home
  2. MARC view: Introduction to world religions for senior high school/
Normal view MARC view ISBD view

Introduction to world religions for senior high school/ (Record no. 359407)

[ view plain ]
MARC details
000 -LEADER
fixed length control field 00660nam a2200205Ia 4500
003 - CONTROL NUMBER IDENTIFIER
control field SISC
005 - DATE AND TIME OF LATEST TRANSACTION
control field 20181027093855.0
008 - FIXED-LENGTH DATA ELEMENTS--GENERAL INFORMATION
fixed length control field 181023s9999 xx 000 0 und d
020 ## - INTERNATIONAL STANDARD BOOK NUMBER
International Standard Book Number 9789719807605
050 ## - LIBRARY OF CONGRESS CALL NUMBER
Classification number BL 80
Item number .C823 2017
100 ## - MAIN ENTRY--PERSONAL NAME
Personal name Corral, Victoria
245 ## - TITLE STATEMENT
Title Introduction to world religions for senior high school/
Statement of responsibility, etc Victoria Corral, Genevieve Balance-Kupang
260 ## - PUBLICATION, DISTRIBUTION, ETC. (IMPRINT)
Place of publication, distribution, etc Quezon City:
Name of publisher, distributor, etc C and E Publishing, Inc.
Date of publication, distribution, etc 2017
300 ## - PHYSICAL DESCRIPTION
Extent viii, 248 pages :
Other physical details illustrated ;
Dimensions 25 cm.
500 ## - GENERAL NOTE
General note Includes bibliographical reference and index
650 ## - SUBJECT ADDED ENTRY--TOPICAL TERM
Topical term or geographic name as entry element Religions
700 ## - ADDED ENTRY--PERSONAL NAME
Personal name Genevieve Balance-Kupang
942 ## - ADDED ENTRY ELEMENTS (KOHA)
Source of classification or shelving scheme Library of Congress Classification
Koha item type Books
Holdings
Withdrawn status Lost status Source of classification or shelving scheme Damaged status Home library Current library Shelving location Date acquired Source of acquisition Total Checkouts Full call number Barcode Date last seen Price effective from Koha item type
    Library of Congress Classification   Luxembourg Library Luxembourg Library Teachers Reference Section 10/23/2018 Library Fund   BL 80 .C823 2017 20650 10/23/2018 10/23/2018 Books

Introduction to world religions for senior high school/

APA

Corral V., Genevieve Balance-Kupang, . (2017). Introduction to world religions for senior high school. Quezon City: C and E Publishing, Inc.

Chicago

Corral Victoria, Genevieve Balance-Kupang, . 2017. Introduction to world religions for senior high school. Quezon City: C and E Publishing, Inc.

Harvard

Corral V., Genevieve Balance-Kupang, . (2017). Introduction to world religions for senior high school. Quezon City: C and E Publishing, Inc.

MLA

Corral Victoria, Genevieve Balance-Kupang, . Introduction to world religions for senior high school. Quezon City: C and E Publishing, Inc. 2017.

  • Place hold
  • Print
  • Cite
  • Add to your cart (remove)
  • Save record
    BIBTEX Dublin Core MARCXML MARC (non-Unicode/MARC-8) MARC (Unicode/UTF-8) MARC (Unicode/UTF-8, Standard) MODS (XML) RIS
  • More searches
    Search for this title in:
    Other Libraries (WorldCat) Other Databases (Google Scholar) Online Stores (Bookfinder.com) Open Library (openlibrary.org)

Exporting to Dublin Core...

SOUTHVILLE LIBRARY

Southville International School and Colleges Library

1281 Tropical Ave. Cor. Luxembourg St., BF Homes International, Las Pinas City

Tel. No. 8256374 / 252358 Loc. 117/146

Powered by Koha